000 00675cab a2200193 4500
001 WB2405-20
008 090401t1988 xxu||||| |||| 00| 0 eng d
035 _a(Sirsi) u25628
041 _aeng
245 _aLandlord and Tenant Act 1954 - contracting out
260 _c1988
350 _a0
490 _aEstates Gazette
_vno 8803, 23/1/88 p99
520 _aDiscusses the decision in Essexcrest Ltd v Evenlex Ltd , CA 2 October 1987, see February 1988 Abstracts, a dispute over application of the Landlord and Tenant Act 1954 to an underlease.
650 _aLANDLORD AND TENANT ACT 1954 S38
690 _aLandlord and tenant
_96252
942 _n0
948 _c04/03/1997
999 _c17217
_d17217